| 000 | 00673nam a2200265 a 4500 | ||
|---|---|---|---|
| 001 | nice12345678 | ||
| 003 | IN_TiNIC | ||
| 005 | 20260116013505.0 | ||
| 008 | 050524s1992 luca grp 000 0 urd | ||
| 020 |
_a _c40 |
||
| 082 | 0 | 0 |
_a305.6297054 _bNAD |
| 100 | _aNadwi, S A A | ||
| 245 | _aHindustani Muslaman Ek Tareekhi Jaaiza | ||
| 250 | _a49th ed. | ||
| 260 |
_aLucknow _bMajlis-E-Tahqeeqat _c1992 |
||
| 300 | _a240p | ||
| 500 | _aincludes index and biblioraphy | ||
| 505 | 2 | _avol.Nos. X and XIII only | |
| 650 | _aMuslims-India | ||
| 650 | _aIndia-History Muslim Period | ||
| 700 | 1 | _aNadwi, S A A | |
| 902 | _bSRS | ||
| 942 | _cBK | ||
| 999 |
_c11183 _d11183 |
||